Current topics in chinese science (physics) (Record no. 59859)
[ view plain ]
| 000 -LEADER | |
|---|---|
| fixed length control field | 00353nam a22001097a 4500 |
| 008 - FIXED-LENGTH DATA ELEMENTS--GENERAL INFORMATION | |
| fixed length control field | 230828b |||||||| |||| 00| 0 eng d |
| 022 ## - INTERNATIONAL STANDARD SERIAL NUMBER | |
| International Standard Serial Number | 0732-4383 |
| 040 ## - CATALOGING SOURCE | |
| Original cataloging agency | National Science Library |
| Transcribing agency | National Science Library |
| 245 ## - TITLE STATEMENT | |
| Title | Current topics in chinese science (physics) |
| 260 ## - PUBLICATION, DISTRIBUTION, ETC. | |
| Place of publication, distribution, etc. | New York: |
| Name of publisher, distributor, etc. | Gordon and Breach Science Publishers, |
| Date of publication, distribution, etc. | 1982 |
| 942 ## - ADDED ENTRY ELEMENTS (KOHA) | |
| Koha item type | Continuing Resources |
| Withdrawn status | Lost status | Materials specified (bound volume or other part) | Damaged status | Not for loan | Home library | Current library | Shelving location | Date acquired | Total Checkouts | Barcode | Date last seen | Price effective from | Koha item type |
|---|---|---|---|---|---|---|---|---|---|---|---|---|---|
| Vol. 1, 1982 | National Science Library | National Science Library | FF/Rk-55/C-13/R-3 | 19/10/2007 | 238031 | 28/08/2023 | 19/10/2007 | Continuing Resources |